I wonder what a rainforest is : (Record no. 9312)

MARC details
000 -LEADER
fixed length control field 01012nam a22003017a 4500
001 - CONTROL NUMBER
control field 9312
003 - CONTROL NUMBER IDENTIFIER
control field FISKH
005 - DATE AND TIME OF LATEST TRANSACTION
control field 20251210094222.0
008 - FIXED-LENGTH DATA ELEMENTS--GENERAL INFORMATION
fixed length control field 251210b cb ||||| |||| 00| 0 eng d
020 ## - INTERNATIONAL STANDARD BOOK NUMBER
International Standard Book Number 033500113222
040 ## - CATALOGING SOURCE
Original cataloging agency FISKH
Language of cataloging eng
Transcribing agency FISKH
Modifying agency FISKH
050 ## - LIBRARY OF CONGRESS CALL NUMBER
Classification number QK49 .D635
082 ## - DEWEY DECIMAL CLASSIFICATION NUMBER
Classification number 581
100 ## - MAIN ENTRY--PERSONAL NAME
Personal name Donati, Annabelle
Relator term Author
245 ## - TITLE STATEMENT
Title I wonder what a rainforest is :
Remainder of title and other neat facts about plants /
Statement of responsibility, etc. By Annabelle Donati ; Illustrated by Sharron O'Neil
260 ## - PUBLICATION, DISTRIBUTION, ETC.
Place of publication, distribution, etc. New York :
Name of publisher, distributor, etc. Western Publishing Company, Inc. ,
Date of publication, distribution, etc. 1992
300 ## - PHYSICAL DESCRIPTION
Extent 32 pages :
Other physical details color illustrations ;
Dimensions 28 cm
490 ## - SERIES STATEMENT
Series statement Fun facts for curious kids
505 ## - FORMATTED CONTENTS NOTE
Formatted contents note P<br/>
520 ## - SUMMARY, ETC.
Summary, etc. Amazing but true facts about the wide variety of plants, seeds, and the rain forests.
521 8# - TARGET AUDIENCE NOTE
Target audience note 650<br/>
Source Lexile estimate<br/>
521 8# - TARGET AUDIENCE NOTE
Target audience note P<br/>
Source Raz-Plus<br/>
650 ## - SUBJECT ADDED ENTRY--TOPICAL TERM
Topical term or geographic name entry element Science and reason
Form subdivision Rainforests
650 ## - SUBJECT ADDED ENTRY--TOPICAL TERM
Topical term or geographic name entry element I Wonder books
Form subdivision Jungle
700 ## - ADDED ENTRY--PERSONAL NAME
Personal name O'Neil, Sharron
Relator term Illustrator
942 ## - ADDED ENTRY ELEMENTS (KOHA)
Source of classification or shelving scheme Dewey Decimal Classification
Koha item type Books
Suppress in OPAC No
Holdings
Withdrawn status Lost status Source of classification or shelving scheme Damaged status Not for loan Collection Home library Current library Shelving location Date acquired Total Checkouts Full call number Barcode Date last seen Copy number Price effective from Koha item type
    Dewey Decimal Classification     Non-Fiction Footprints International School Library Network Toul Tom Poung Campus Footprints International School Library Network Toul Tom Poung Campus TTP Primary Orange Bookshelves 12/10/2025   DON 581 QK49 .D635 2025-5099 12/10/2025 1 12/10/2025 Books